Satelliittikuvia #3 - Statistics

Yleistilastot
  • Tätä visaa on pelattu 377 kertaa
  • Keskiarvotulos 9 / 16
Vastaustilastot
Kuvavisa Hint Vastaus % Oikein
joki Niili
95%
valtio Somalia
91%
vesimuodostuma Itämeri
87%
"maa" Skotlanti
76%
valtio Iran
75%
vesimuodostuma Kaspianmeri
72%
saari Manhattan
72%
valtio Viro
71%
saari Tasmania
51%
alue Patagonia
48%
saari Newfoundland
46%
vesimuodostuma Hudsoninlahti
45%
provinssi Quebec
41%
jokisuisto Mississippi
31%
saari Havaiji
28%
kaupunki Sydney
19%
Ehtoja vastaavia visoja ei löytynyt
Tulosjakauma
Jokaisen tuloksen saaneiden osuus
Persentiili vastausten määrän mukaan
Tuloshistoriasi
Et ole pelannut tätä visaa